[Event "Coria del Rio op 7th"]
[Site "Coria del Rio"]
[Date "2001.02.18"]
[Round "5"]
[White "Teran Alvarez, Ismael"]
[Black "Simonenko, Sergei"]
[Result "1-0"]
[WhiteElo "2356"]
[BlackElo "2463"]
[PlyCount "131"]
[EventDate "2001.02.14"]
[EventType "swiss"]
[EventRounds "9"]
[EventCountry "ESP"]
[SourceTitle "CBM 080 Extra"]
[Source "ChessBase"]
[SourceDate "2001.03.08"]
[SourceVersion "1"]
[SourceVersionDate "2001.03.08"]
[SourceQuality "1"]

1. e4 Nf6 2. Nc3 d6 3. d4 g6 4. Bg5 Bg7 5. Qd2 c6 6. f3 Nbd7 7. Bh6 Bxh6 8. Qxh6 e5 9. 0-0-0 Qe7 10. Nge2 Nb6 11. Kb1 Bd7 12. Nc1 0-0-0 13. a4 exd4 14. Rxd4 c5 15. Rd2 Nxa4 16. Nxa4 Bxa4 17. Bc4 Nd7 18. Rhd1 Nb6 19. Ba2 f6 20. Ne2 Bc6 21. Qh3+ Kc7 22. Nf4 Kb8 23. Qe6 Rhe8 24. Qxe7 Rxe7 25. Rxd6 Red7 26. Rxd7 Rxd7 27. Rxd7 Nxd7 28. Bg8 Nf8 29. Nd3 b6 30. e5 fxe5 31. Nxe5 Be8 32. Ng4 g5 33. Kc1 Kc7 34. Kd2 Kd6 35. Ke3 Bg6 36. c3 Nd7 37. g3 b5 38. b4 cxb4 39. cxb4 Nb8 40. Kd4 Nc6+ 41. Kc3 a5 42. bxa5 Kc5 43. a6 Kb6 44. Bd5 Nb8 45. Ne5 Be8 46. Bg8 h6 47. f4 gxf4 48. gxf4 Nxa6 49. f5 Nc5 50. Kd4 b4 51. f6 Bh5 52. f7 Ne6+ 53. Kd5 Nf8 54. Kd6 b3 55. Ke7 b2 56. Nc4+ Kc5 57. Nxb2 Ng6+ 58. Kf6 Nf8 59. Kg7 Ne6+ 60. Kxh6 Be2 61. Kg6 Kb4 62. Bh7 Kb3 63. Kf6 Nf8 64. Kg7 Ne6+ 65. Kg8 Bh5 66. Nd3 1-0

[Event "Balaguer op"]
[Site "Balaguer"]
[Date "2001.??.??"]
[Round "6"]
[White "Grau Ferrer, Carles"]
[Black "Simonenko, Sergei"]
[Result "0-1"]
[WhiteElo "2154"]
[BlackElo "2463"]
[PlyCount "46"]
[EventDate "2001.??.??"]
[EventType "swiss"]
[EventRounds "9"]
[EventCountry "ESP"]
[SourceTitle "EXT 2002"]
[Source "ChessBase"]
[SourceDate "2001.11.25"]
[SourceVersion "1"]
[SourceVersionDate "2001.11.25"]
[SourceQuality "1"]

1. d4 Nf6 2. Bf4 g6 3. c3 Bg7 4. Nd2 0-0 5. e4 d6 6. f3 e5 7. Be3 Nc6 8. Ne2 d5 9. Bg5 Re8 10. exd5 Qxd5 11. c4 Qa5 12. d5 e4 13. Bxf6 Bxf6 14. dxc6 exf3 15. b4 fxe2 16. Bxe2 Qe5 17. Rc1 Bg4 18. Nf3 Bxf3 19. gxf3 Bh4+ 20. Kf1 Qe3 21. Kg2 Qf2+ 22. Kh3 Rxe2 23. Rc3 Bf6 0-1

[Event "Balaguer op"]
[Site "Balaguer"]
[Date "2001.??.??"]
[Round "4"]
[White "Pogorelov, Ruslan"]
[Black "Simonenko, Sergei"]
[Result "1-0"]
[WhiteElo "2429"]
[BlackElo "2463"]
[PlyCount "109"]
[EventDate "2001.??.??"]
[EventType "swiss"]
[EventRounds "9"]
[EventCountry "ESP"]
[SourceTitle "EXT 2002"]
[Source "ChessBase"]
[SourceDate "2001.11.25"]
[SourceVersion "1"]
[SourceVersionDate "2001.11.25"]
[SourceQuality "1"]

1. Nf3 Nf6 2. c4 g6 3. Nc3 Bg7 4. e4 e5 5. Nxe5 Qe7 6. d4 d6 7. Nf3 Nxe4 8. Nxe4 Qxe4+ 9. Be3 Nc6 10. Be2 0-0 11. 0-0 Bg4 12. Qd2 Qe7 13. h3 Bxf3 14. Bxf3 Qh4 15. Rad1 a5 16. b3 h6 17. Kh2 Kh7 18. g3 Qd8 19. Bg2 f5 20. Rfe1 Re8 21. d5 Ne5 22. c5 a4 23. f4 Nd7 24. b4 Nf6 25. Bd4 Qd7 26. c6 bxc6 27. dxc6 Qf7 28. b5 Rxe1 29. Rxe1 Rb8 30. b6 cxb6 31. Bxf6 Bxf6 32. Qxd6 Rc8 33. Bd5 Qg7 34. Qe6 Rc7 35. Qe8 h5 36. h4 b5 37. Qb8 Bd4 38. Qxb5 Bf2 39. Re2 Ba7 40. Qxa4 Qa1 41. Bg2 Qg1+ 42. Kh3 Qa1 43. Qc4 Qg7 44. Re8 Bd4 45. Rb8 Ba7 46. Rb7 Rxb7 47. cxb7 Qd7 48. Qc6 Qd8 49. Qe6 Bb8 50. Bd5 Kg7 51. Qf7+ Kh6 52. Qg8 Qxg8 53. Bxg8 Kg7 54. Bc4 Kf6 55. a4 1-0